Catálogo

Electrofisiología : (Registro nro. 64471)

Detalles MARC
000 -LEADER
fixed length control field 01470cam a2200385 i 4500
001 - CONTROL NUMBER
control field 64471
003 - CONTROL NUMBER IDENTIFIER
control field Mx-PuUPA
005 - DATE AND TIME OF LATEST TRANSACTION
control field 20240410104106.0
008 - FIXED-LENGTH DATA ELEMENTS--GENERAL INFORMATION
fixed length control field 220523s2018 sp a|||fr|||| 001 0 spa d
017 ## - COPYRIGHT OR LEGAL DEPOSIT NUMBER
Copyright or legal deposit number M-27036-2017
020 ## - INTERNATIONAL STANDARD BOOK NUMBER
International Standard Book Number 9788417033392
040 ## - CATALOGING SOURCE
Transcribing agency Mx-PuUPA
Original cataloging agency Mx-PuUPA
Description conventions rda
Modifying agency Mx-PuUPA
Language of cataloging spa
041 1# - LANGUAGE CODE
Language code of text/sound track or separate title spa
Language code of original eng
130 0# - MAIN ENTRY--UNIFORM TITLE
Uniform title Electrophysiology : the basics
245 10 - TITLE STATEMENT
Title Electrofisiología :
Remainder of title fundamentos /
Statement of responsibility, etc. [editor], Jonathan S. Steinberg ; Suneet Mittal, director ; traducción, Germán Arias Rebatet, Bernardo Arias Muñoz
250 ## - EDITION STATEMENT
Edition statement 2a. edición
264 #1 - PRODUCTION, PUBLICATION, DISTRIBUTION, MANUFACTURE, AND COPYRIGHT NOTICE
Place of production, publication, distribution, manufacture Barcelona, España :
Name of producer, publisher, distributor, manufacturer Wolters Kluwer,
Date of production, publication, distribution, manufacture, or copyright notice ©2018
300 ## - PHYSICAL DESCRIPTION
Extent xvi, 332 páginas :
Other physical details ilustraciones ;
Dimensions 21 cm
336 ## - CONTENT TYPE
Fuente rdacontent
Content type term texto
Content type code txt
336 ## - CONTENT TYPE
Fuente rdacontent
Content type term imagen fija
Content type code sti
337 ## - MEDIA TYPE
Source rdamedia
Media type term Sin medio
Media type code n
338 ## - CARRIER TYPE
Source rdacarrier
Carrier type term volumen
Carrier type code nc
650 #7 - SUBJECT ADDED ENTRY--TOPICAL TERM
Source of heading or term armarc
Topical term or geographic name entry element Arritmia
650 #7 - SUBJECT ADDED ENTRY--TOPICAL TERM
Source of heading or term armarc
Topical term or geographic name entry element Corazón
General subdivision Propiedades eléctricas
650 #7 - SUBJECT ADDED ENTRY--TOPICAL TERM
Source of heading or term armarc
Topical term or geographic name entry element Electrofisiología
700 1# - ADDED ENTRY--PERSONAL NAME
Personal name Steinberg, Jonathan S.,
Relator term editor
700 1# - ADDED ENTRY--PERSONAL NAME
Personal name Mittal, Suneet,
Relator term director
700 1# - ADDED ENTRY--PERSONAL NAME
Personal name Arias Rebatet, Germán,
Relator term traductor
700 1# - ADDED ENTRY--PERSONAL NAME
Personal name Arias Muñoz, Bernardo,
Relator term traductor
765 08 - ORIGINAL LANGUAGE ENTRY
Main entry heading Steinberg, Jonathan S.,
Title Electrophysiology : the basics
International Standard Book Number 9781496340016
942 ## - ADDED ENTRY ELEMENTS (KOHA)
Koha item type Libro
Source of classification or shelving scheme Dewey Decimal Classification
Classification part 616.1280645
Item part E374
Existencias
Withdrawn status Lost status Source of classification or shelving scheme Damaged status Not for loan Collection code Home library Current library Shelving location Date acquired Source of acquisition Total Checkouts Total Renewals Full call number Barcode Date last seen Date last checked out Price effective from Koha item type
    Dewey Decimal Classification     General Biblioteca Karol Wojtyla Biblioteca Karol Wojtyla Sala general 03/12/2013 Reposición 9 2 616.1280645 E374 2018 82155 28/03/2026 14/03/2026 03/12/2013 Libro